| 000 | 00447nam a2200193Ia 4500 | ||
|---|---|---|---|
| 005 | 20250603145548.0 | ||
| 008 | 250603s9999 xx 000 0 und d | ||
| 020 | _a9788182814264 | ||
| 050 | _aHB 171.5 .J45/ | ||
| 100 | _aJhingan, M. L. | ||
| 245 | 0 | _aPrinciple of economics | |
| 250 | _a4th ed. | ||
| 260 | _aNew Delhi | ||
| 260 | _bVrinda Publications Ltd. | ||
| 260 | _c2013 | ||
| 300 | _a698 p | ||
| 650 | _aNew Delhi | ||
| 942 | _cBK | ||
| 999 |
_c42216 _d42216 |
||